| 000 | 00954cam a2200277 a 4500 | ||
|---|---|---|---|
| 001 | 462020 | ||
| 003 | OSt | ||
| 005 | 20230703164215.0 | ||
| 008 | 830909s1984 nyua b 001 0 eng | ||
| 010 | _a 83019618 | ||
| 020 | _a0671441272 | ||
| 040 |
_aDLC _cDLC _dDLC |
||
| 043 | _an-us--- | ||
| 082 | 0 | 0 |
_a338.973 _bSTE |
| 100 | 1 |
_aStein, Herbert, _d1916-1999. |
|
| 245 | 1 | 0 |
_aPresidential economics : _bthe making of economic policy from Roosevelt to Reagan and beyond / _cHerbert Stein. |
| 260 |
_aNew York : _bSimon and Schuster, _cc1984. |
||
| 300 |
_a414 p. : _bill. ; _c23 cm. |
||
| 504 | _aIncludes bibliographical references and index. | ||
| 650 | 0 |
_aPresidents _zUnited States _xHistory. |
|
| 651 | 0 |
_aUnited States _xEconomic policy. |
|
| 651 | 0 |
_aUnited States _xPolitics and government _y1933-1945. |
|
| 651 | 0 |
_aUnited States _xPolitics and government _y1945-1989. |
|
| 906 |
_a7 _bcbc _corignew _d1 _eocip _f19 _gy-gencatlg |
||
| 942 |
_2ddc _cBK |
||
| 999 |
_c3523 _d3523 |
||